00568nam a2200169 i 4500001000700000003000900007005001700016007000300033008004100036100002700077245003800104260004900142300003000191852003200221999001900253952012600272146464ES-MaACL20230906201536.0t|070910s1959 xxc ||||1| eng d1 aToye, William.911119314aThe St Lawrence / cWilliam Toye. aToronto : bOxford University Press, c1959. a296 p. : bil. ; c22 cm. aES-MaACLjC-21522 bR.49854 c146464d146464 00104070aATENEOMbATENEOMcGaleríad2008-01-17eSCl0oC-21522p1152869r2023-02-23 00:00:00w2023-02-23yMONOGRAFIA